000
00481nam a2200145Ia 4500
008
100122s9999 xx 000 0 und d
082
_b
6765
_a
920.72
100
_a
सोहनी वा स
245
_a
आदर्श कुलस्वामिनी
260
_b
अभिनव प्रक ाशन
_c
1948
300
_a
88
630
_a
आदर्श कुलस्वामिनी
730
_a
आदर्श कुलस्वामिनी
942
_c
BOOK
999
_c
399706
_d
399703